| 000 | 01217cad a22002295a 4500 | ||
|---|---|---|---|
| 001 | L145938 | ||
| 008 | 081125s2008 xxkad f s 000 0 eng d | ||
| 035 | _a(Sirsi) u145938 | ||
| 041 | 0 | _aeng | |
| 050 | 0 | 4 | _a333.33 $2 18 |
| 110 | 2 |
_aAtisreal _95337 |
|
| 245 | 0 | 0 |
_aEurope quarterly _binvestment market quarter three 2008 _h[electronic resource] |
| 260 |
_a[S.l.] _bAtisreal _c2008 |
||
| 490 | 0 |
_aAtisreal Europe Quarterly Investment Market _vQuarter Three 2008 |
|
| 520 | _aReveals that the European investment market has taken a direct hit due to the credit crunch. Reports that investment volumes over the past three quarters fell 61% compared to 2007, amounting to EURO30.3bn and EURO77.2bn respectively, and that investment volumes fell at a faster rate in the third quarter 2008 compared to the second quarter 2008. However, with yields still rising, expects the end of 2008 to result in record yields. | ||
| 590 | _aKA | ||
| 650 | 2 | 4 | _aATISREAL EUROPE QUARTERLY INVESTMENT MARKET |
| 651 | 4 | _aEurope | |
| 690 | _aPROPERTY-COMMERCIAL PROPERTY-COMMERCIAL PROPERTY MARKET | ||
| 856 | 4 | 0 |
_uhttps://www.atisreal.com/ _zView this report free of charge under market research at www.atisreal.com... |
| 942 | _n0 | ||
| 999 |
_c108975 _d108975 |
||